000 00683nam a2200217 4500
003 LK-CoMWRAF
005 20231201114515.0
008 230831b2004 |||||||| |||| 00| 0 eng d
020 _a955846435X
040 _aLK-CoMWRAF
_dLK-CoMWRAF
_eLK-CoMWRAF
041 _asin
082 _a891.483
_bDAY
100 _aඩයස් සිඩ්නි මාකස්
245 _aපියුමාලිගේ ලෝකය
246 _aPiyumalige lookaya
260 _aආනමඩුව :
_bතෝතැන්න ප්‍රකාශන,
_c2004
300 _a56p
650 _aළමා ප්‍රබන්ධ
650 _aසිංහල ප්‍රබන්ධ
942 _cBK
999 _c3331
_d3331